000 00656nam a2200265Ia 4500
005 20260121164933.0
008 008 260114s9999 xx 000 0 eng d
020 _a9783319068923
037 _aEBOOK
040 _aCRL
040 _beng
040 _cCRL
041 _2eng
041 _aeng
084 _qCRL
100 _aAgnès Ricroch, Surinder Chopra, Shelby J. Fleischer
_91045507
245 0 _aPlant Biotechnology
260 _bSpringer
260 _bSpringer
260 _c2014
856 _uhttp://link.springer.com/openurl?genre=book&isbn=978-3-319-06892-3
942 _cEBOOK
999 _c1611230
_d1611230